[Event "Deutscher Jugend Online Cup 2020"]
[Site "Tornelo"]
[Date "2020.11.14"]
[Round "10.7"]
[White "Besou, Hussain"]
[Black "Buchinger, Alexis"]
[Result "1-0"]
[WhiteElo "1804"]
[BlackElo "1496"]
[Annotator "NA RC"]
[PlyCount "123"]
[EventDate "2020.11.13"]
[EventType "k.o."]
[SourceTitle "playchess.com"]
[Source "ChessBase"]
[SourceQuality "1"]
[TimeControl "600+3"]

1. e4 {[%emt 0:00:00]} e6 {[%emt 0:00:04]} 2. d4 {[%emt 0:00:04]} d6 {[%emt 0:00:02]} 3. c4 {[%emt 0:00:02]} Ne7 {[%emt 0:00:03]} 4. Nc3 {[%emt 0:00:02]} Nd7 {[%emt 0:00:02]} 5. f3 {[%emt 0:00:05]} b6 {[%emt 0:00:02]} 6. Be3 {[%emt 0:00:06]} Bb7 {[%emt 0:00:03]} 7. Qd2 {[%emt 0:00:04]} Rc8 {[%emt 0:00:10]} 8. Nge2 {[%emt 0:00:05]} g6 {[%emt 0:00:03]} 9. Ng3 {[%emt 0:00:06]} Bg7 {[%emt 0:00:03]} 10. Be2 {[%emt 0:00:03]} c5 {[%emt 0:00:08]} ({Black should play} 10... a6) 11. d5 {[%emt 0:00:05]} (11. Nb5 $18 {has better winning chances.}) 11... exd5 {[%emt 0:00:10]} 12. cxd5 {[%emt 0:00:03]} O-O {[%emt 0:00:14]} 13. O-O {[%emt 0:00:04]} f5 {[%emt 0:00:06]} 14. Bf4 {[%emt 0:00:23]} Be5 {[%emt 0:00:10]} 15. Bxe5 {[%emt 0:00:04]} Nxe5 {[%emt 0:00:12]} 16. Rae1 {[%emt 0:00:23]} f4 {[%emt 0:00:09]} 17. Nh1 {[%emt 0:00:03]} g5 {[%emt 0:00:09]} 18. g3 {[%emt 0:00:05]} Kh8 {[%emt 0:00:11]} 19. g4 {[%emt 0:00:06]} N7g6 {[%emt 0:00:02]} 20. Nf2 {[%emt 0:00:13]} Nh4 {[%emt 0:00:04]} 21. Nd3 {[%emt 0:00:03]} Qf6 {[%emt 0:00:12]} 22. Nxe5 {[%emt 0:00:04]} Qxe5 {[%emt 0:00:04]} 23. Rd1 {[%emt 0:00:03]} a6 {[%emt 0:00:04]} 24. a4 {[%emt 0:00:03]} Rf6 {[%emt 0:00:21]} 25. Bc4 {[%emt 0:00:11]} (25. Nb1 $11 {keeps the balance.}) 25... h5 {[%emt 0:00:12]} 26. h3 {[%emt 0:00:05]} ({Don't play} 26. gxh5 Rh6 $11) 26... hxg4 {[%emt 0:00:07]} 27. hxg4 {[%emt 0:00:03]} Rh6 {[%emt 0:00:02]} 28. Kf2 {[%emt 0:00:07]} Kg7 {[%emt 0:00:19]} 29. Ne2 $2 {[%emt 0:00:06]} (29. Qe2 $17) 29... Kg6 $2 {[%emt 0:00:25]} (29... Rch8 $19 30. Rg1 {[#]} Nxf3 $1 {[%mdl 512]} 31. Kxf3 Rh3+ 32. Kf2 Rh2+ 33. Ke1 f3) 30. Qc3 {[%emt 0:00:04]} Qe7 {[%emt 0:00:14]} 31. Bd3 $2 {[%emt 0:00:21]} (31. e5 $11) 31... Kf7 {[%emt 0:00:26]} 32. Rc1 {[%emt 0:00:20]} (32. Rh1 $17) 32... Rch8 {[%emt 0:00:10]} 33. b4 $2 {[%emt 0:00:23] [#]} (33. Rcd1) 33... Ng6 {[%emt 0:00:18]} (33... Nxf3 $142 $1 {[%mdl 512]} 34. Kxf3 Rh2 35. Qxh8 Rxh8) 34. bxc5 {[%emt 0:00:09]} bxc5 {[%emt 0:00:06]} 35. Rb1 {[%emt 0:00:05]} Ne5 {[%emt 0:00:11]} 36. Bc4 {[%emt 0:00:33]} Rh3 {[%emt 0:00:25]} 37. Ng1 {[%emt 0:00:04]} (37. Ke1 $142 Bc8 38. Ng1) 37... Rh2+ {[%emt 0:00:05]} 38. Ke1 {[%emt 0:00:08]} Rg2 {[%emt 0:00:09]} 39. Rb2 {[%emt 0:00:13]} Rxb2 {[%emt 0:00:06]} 40. Qxb2 {[%emt 0:00:02]} Nxc4 {[%emt 0:00:02]} 41. Qxh8 {[%emt 0:00:01]} Ne3 {[%emt 0:00:10]} 42. Qh7+ {[%emt 0:00:06]} Kf6 {[%emt 0:00:03]} 43. Qxe7+ {[%emt 0:00:03]} Kxe7 {[%emt 0:00:02]} 44. Rf2 {[%emt 0:00:04]} Kd7 {[%emt 0:00:04]} 45. Kd2 {[%emt 0:00:08]} a5 {[%emt 0:00:13]} 46. Nh3 {[%emt 0:00:04]} Ba6 {[%emt 0:00:22]} 47. Nxg5 {[%emt 0:00:06]} c4 {[%emt 0:00:18]} 48. Ne6 $18 {[%emt 0:00:28]} c3+ {[%emt 0:00:03]} 49. Kc1 {[%emt 0:00:02]} Bc4 {[%emt 0:00:33]} 50. Nxf4 {[%emt 0:00:05]} Bb3 {[%emt 0:00:05]} 51. Ne2 {[%emt 0:00:04]} Nd1 {[%emt 0:00:23]} 52. Rf1 {[%emt 0:00:06]} c2 {[%emt 0:00:36]} 53. Nd4 {[%emt 0:00:20]} Bxa4 {[%emt 0:00:02]} 54. Re1 {[%emt 0:00:05]} Nc3 {[%emt 0:00:28]} 55. Nxc2 {[%emt 0:00:07]} Nb5 {[%emt 0:00:08]} 56. g5 {[%emt 0:00:05]} Ke7 {[%emt 0:00:08]} 57. f4 {[%emt 0:00:02]} Bxc2 {[%emt 0:00:09]} 58. Kxc2 {[%emt 0:00:05]} Nd4+ {[%emt 0:00:01]} 59. Kd3 {[%emt 0:00:01]} Nf3 {[%emt 0:00:13]} 60. Rf1 {[%emt 0:00:05]} Nh2 {[%emt 0:00:01]} 61. Ra1 {[%emt 0:00:02]} Kd7 {[%emt 0:00:05]} 62. Rxa5 {[%emt 0:00:03]} 1-0

[Event "Deutscher Jugend Online Cup 2020"]
[Site "Tornelo"]
[Date "2020.11.14"]
[Round "10.7"]
[White "Trunz, Tamila"]
[Black "Sickmann, Lisa"]
[Result "0-1"]
[WhiteElo "1379"]
[BlackElo "1510"]
[Annotator "NA RC"]
[PlyCount "88"]
[EventDate "2020.11.13"]
[EventType "k.o."]
[SourceTitle "playchess.com"]
[Source "ChessBase"]
[SourceQuality "1"]
[TimeControl "600+3"]

1. e4 {[%emt 0:00:00]} e5 {[%emt 0:00:02]} 2. Nf3 {[%emt 0:00:03]} Nc6 {[%emt 0:00:02]} 3. Bb5 {[%emt 0:00:04]} Nf6 {[%emt 0:00:03]} 4. O-O {[%emt 0:00:03]} Nxe4 {[%emt 0:00:02]} 5. Re1 {[%emt 0:00:07]} Nd6 {[%emt 0:00:03]} 6. d4 {[%emt 0:00:11]} Nxb5 {[%emt 0:00:12]} 7. Nxe5 {[%emt 0:00:17]} Be7 {[%emt 0:00:16]} 8. Nxc6 {[%emt 0:00:11]} dxc6 {[%emt 0:00:05]} 9. Bg5 {[%emt 0:00:16]} f6 {[%emt 0:00:22]} 10. Bf4 {[%emt 0:00:51]} O-O {[%emt 0:00:13]} 11. c3 {[%emt 0:00:37]} Nd6 {[%emt 0:01:04]} 12. Qe2 {[%emt 0:00:49]} Re8 {[%emt 0:00:32]} 13. Bxd6 {[%emt 0:00:08]} cxd6 {[%emt 0:00:10]} 14. Nd2 {[%emt 0:00:15]} Bf5 {[%emt 0:00:05]} 15. Ne4 {[%emt 0:00:21]} Bxe4 {[%emt 0:00:09]} 16. Qxe4 {[%emt 0:00:04]} Bf8 {[%emt 0:00:08]} 17. Qf5 {[%emt 0:00:15]} Qc8 {[%emt 0:00:12]} 18. Qh5 {[%emt 0:00:47]} Qd7 {[%emt 0:00:13]} 19. d5 {[%emt 0:00:19]} Qf7 {[%emt 0:00:06]} 20. Qxf7+ {[%emt 0:00:42]} Kxf7 {[%emt 0:00:20]} 21. dxc6 {[%emt 0:00:17]} bxc6 {[%emt 0:00:04]} 22. Re3 {[%emt 0:00:04]} Rxe3 {[%emt 0:00:03]} 23. fxe3 {[%emt 0:00:03]} Re8 {[%emt 0:00:03]} 24. Kf2 {[%emt 0:00:04]} d5 {[%emt 0:00:02]} 25. a4 {[%emt 0:00:17]} Bc5 {[%emt 0:00:04]} 26. Re1 {[%emt 0:00:06]} f5 {[%emt 0:00:03]} 27. Kf3 {[%emt 0:00:17]} g5 {[%emt 0:00:06]} 28. b4 {[%emt 0:00:09]} Bd6 {[%emt 0:00:10]} 29. h3 {[%emt 0:00:13]} Re4 {[%emt 0:00:05]} 30. Rf1 {[%emt 0:00:15]} Kg6 {[%emt 0:00:35]} 31. g4 {[%emt 0:00:12]} f4 {[%emt 0:00:05]} 32. exf4 {[%emt 0:00:07]} Rxf4+ {[%emt 0:00:02]} 33. Ke2 {[%emt 0:00:09]} Rxf1 {[%emt 0:00:03]} 34. Kxf1 {[%emt 0:00:03]} Be5 {[%emt 0:00:02]} 35. Ke2 {[%emt 0:00:12]} Bxc3 {[%emt 0:00:03]} 36. b5 {[%emt 0:00:03]} cxb5 {[%emt 0:00:02]} 37. axb5 {[%emt 0:00:04]} Kf6 {[%emt 0:00:01]} 38. Kd3 {[%emt 0:00:03]} d4 {[%emt 0:00:02]} 39. Kc4 {[%emt 0:00:03]} Ke5 {[%emt 0:00:04]} 40. Kb3 {[%emt 0:00:19]} Ke4 {[%emt 0:00:04]} 41. Kc4 {[%emt 0:00:05]} Ke3 {[%emt 0:00:06]} 42. Kb3 {[%emt 0:00:03]} d3 {[%emt 0:00:03]} 43. Kxc3 {[%emt 0:00:03]} d2 {[%emt 0:00:02]} 44. Kc2 {[%emt 0:00:03]} Ke2 {[%emt 0:00:02]} 0-1

[Event "Deutscher Jugend Online Cup 2020"]
[Site "Tornelo"]
[Date "2020.11.14"]
[Round "13"]
[White "Svane, Frederik"]
[Black "Koellner, Ruben Gideon"]
[Result "1/2-1/2"]
[WhiteElo "2421"]
[BlackElo "2412"]
[Annotator "TA"]
[PlyCount "87"]
[EventDate "2020.11.13"]
[EventType "k.o."]
[SourceTitle "playchess.com"]
[Source "ChessBase"]
[SourceQuality "1"]

{[%evp 22,87,60,41,65,60,109,67,176,38,45,31,166,101,111,103,96,119,159,54,54,56,64,0,64,0,1,1,4,7,5,10,9,14,6,0,0,0,0,-19,0,0,0,0,0,0,0,0,0,0,0,0,0,0,0,0,0,0,0,0,0,0,0,0,0,0,0,0]} 1. e4 d6 2. c4 c5 3. Nc3 Nc6 4. Nge2 g6 5. d4 Bg7 6. Be3 cxd4 7. Nxd4 Nf6 8. Be2 O-O 9. f3 Bd7 10. Qd2 a6 11. O-O Rc8 12. Rfc1 Qa5 {[#] B38: Sicilian: Maroczy Bind with 5...Bg7 and 7...0-0.} 13. Nxc6 $146 ({Predecessor:} 13. a3 Ne5 14. Nd5 Qd8 15. b3 e6 16. Nc3 Nc6 17. a4 e5 18. Nxc6 Bxc6 19. Rd1 Ne8 20. Nd5 {1-0 (35) Hernandez,C (2183)-Gomez Barrero,S (2010) Cartagena 2019}) 13... bxc6 {[#]} 14. c5 $1 {[%mdl 512]} d5 {[#]} ({Better is} 14... Rfd8 $14) (14... dxc5 15. e5) 15. exd5 ({Only move:} 15. e5 $1 $18) 15... cxd5 $14 16. a3 {Black must now prevent b4.} Bc6 (16... Rfd8 $14) 17. b4 (17. Nxd5 $1 $18 Qd8 18. Nxf6+ Bxf6 19. Qxd8 (19. Bxa6 Qxd2 20. Bxd2 Ra8 $17) 19... Rfxd8 20. Rab1 (20. Bxa6 Ra8 $17)) 17... Qc7 $16 18. Bxa6 Ra8 19. Bf1 e5 {Threatening ...d4.} 20. b5 ({White should try} 20. Nb5 $16 Bxb5 21. Bxb5) 20... d4 $14 21. bxc6 dxc3 22. Rxc3 (22. Qxc3 $14 Qxc6 23. Rab1 (23. Qxe5 $2 Rfe8 $19)) 22... Qxc6 (22... e4 $1 $11 23. Rb1 Rad8) 23. Qd6 (23. Rb3 $14) 23... Qxd6 $11 {The position is equal.} 24. cxd6 Nd5 25. Rb3 {Threatens to win with Bf2.} Nxe3 26. Rxe3 {White wants to play d7.} Rfd8 27. Rd1 Bf8 28. Rxe5 {Hoping for d7.} Rxd6 29. Rxd6 Bxd6 {[%mdl 4096] Endgame KRB-KRB} 30. Re2 Bxa3 {And now ...Bc5+ would win.} 31. g3 Bc5+ 32. Kg2 Kg7 33. Rc2 Bd4 34. Rd2 Be3 35. Re2 Ra3 36. Rc2 h5 37. Bc4 Ra7 38. Re2 Bc5 39. Rc2 Bd4 40. Rd2 Bc5 41. Rc2 Be3 42. Re2 Bd4 43. Rd2 Be3 44. Re2 {Weighted Error Value: White=0.19/Black=0.20} 1/2-1/2

[Event "Deutscher Jugend Online Cup 2020"]
[Site "Tornelo"]
[Date "2020.11.14"]
[Round "13"]
[White "Suvorov, Alexander"]
[Black "Pajeken, Jakob Leon"]
[Result "1-0"]
[WhiteElo "2353"]
[BlackElo "2323"]
[Annotator "TA"]
[PlyCount "103"]
[EventDate "2020.11.13"]
[EventType "k.o."]
[SourceTitle "playchess.com"]
[Source "ChessBase"]
[SourceQuality "1"]

{[%evp 22,103,0,0,18,0,34,-34,0,0,0,-7,0,-4,0,-3,52,64,55,63,54,21,35,-14,47,20,96,51,52,16,133,125,123,104,139,132,141,66,66,69,326,112,118,0,137,29,29,0,68,48,256,265,377,0,0,7,307,278,640,636,621,596,780,732,714,635,722,681,679,660,566,542,733,755,1062,1042,7197,7094,5485,5120,29990,29989,29998,29999]} 1. d4 d5 2. c4 dxc4 3. Nf3 Nf6 4. e3 e6 5. Bxc4 c5 6. O-O Nc6 7. Qe2 a6 8. a4 Be7 9. Rd1 O-O 10. Nc3 Qc7 11. h3 Rd8 12. b3 b6 {D27: Queen's Gambit Accepted: Classical main line: 7 e4!? and 7 a4.} 13. Bb2 Bb7 14. Rac1 (14. d5 $14 exd5 15. Nxd5 Nxd5 16. Bxd5) 14... Nb4 {[#] Black is slightly better.} 15. dxc5 $146 ({Predecessor:} 15. e4 cxd4 16. Nxd4 Bc5 17. Nf3 h6 18. e5 Bxf3 19. gxf3 Nh5 20. Qe4 Ng3 21. Qe1 {½-½ (58) Gurevich,M (2634)-Kulaots,K (2556) Beijing 2008}) 15... Bxc5 16. Rxd8+ Qxd8 17. Rd1 Qe7 18. Rd2 Ne4 (18... Nc6 $11) 19. Nxe4 $14 Bxe4 20. Ne5 {[#] Rd7 is the strong threat.} Qg5 {[%csl Ge4][%cal Rg5g2]} 21. Qf1 Nd5 22. Re2 f6 ({Better is} 22... Rd8 $11) 23. Nd7 Bf3 (23... Bd6 $11) 24. Re1 Bb4 25. Rc1 (25. Bxd5 $5 Bxd5 26. Rd1 $14) 25... Bd6 (25... Rd8 $11 {keeps the balance.} 26. Bxd5 Bxd5 27. Nxb6 Bb7) 26. Bxd5 $16 exd5 27. Nxb6 Re8 28. Bd4 h5 29. Rc8 (29. Nd7 $16) 29... Rxc8 $14 30. Nxc8 Be5 $2 {[%mdl 8192]} (30... Bb4 $14) 31. Kh1 $2 (31. Bxe5 $18 fxe5 32. Kh2) 31... Bxd4 $16 32. exd4 ({White has to play} 32. gxf3 $16 Bc5 33. Qc1 (33. Qxa6 Qf5 $11)) 32... Be4 (32... Bxg2+ $1 $11 33. Qxg2 Qc1+ {[%mdl 64] Double Attack} 34. Kh2 Qc7+ 35. Qg3 Qxc8) 33. f3 (33. Nd6 $16) 33... Bc2 $11 34. Ne7+ Kh7 (34... Kf7 $11) 35. a5 Bxb3 $2 ({Black should play} 35... Qd2 $14) 36. Qd3+ ({And not} 36. Qxa6 Qc1+ 37. Kh2 Qf4+ 38. Kh1 Qc1+ 39. Kh2 Qf4+ 40. Kh1 Qc1+ $11) 36... g6 (36... f5 $142 37. Qxf5+ (37. Qxb3 Qxe7 38. Qxd5 Qf6 $16) 37... Qxf5 38. Nxf5 Kg6) 37. Qxb3 $2 (37. f4 $1 $18 {[%cal Rf4g5]} Bc4 38. fxg5 Bxd3 39. gxf6) 37... Qc1+ 38. Kh2 {[#] White threatens Qb8 and mate.} Qf4+ $2 {[%mdl 8192]} (38... Qc7+ $11 39. f4 Qxe7) 39. Kg1 $18 Qc1+ $2 (39... Qxd4+ 40. Kf1 Qa1+ 41. Kf2 Qxa5 42. Nxd5 Qc5+ 43. Kg3 Kh6) 40. Kf2 Qd2+ 41. Kf1 Qc1+ 42. Ke2 Qg1 43. Nxd5 ({Worse is} 43. Qxd5 Qxg2+ 44. Ke3 Qg1+ 45. Kf4 Qc1+ 46. Kg3 Qg1+ 47. Kf4 Qc1+ 48. Kg3 Qg1+ 49. Kf4 $11) 43... Qxg2+ 44. Ke3 Qg1+ 45. Kd3 Qf1+ 46. Kc3 Qxf3+ 47. Kb4 Qf1 48. Kc5 Kh6 49. Qe3+ g5 50. Qe6 Kg6 51. Ne7+ Kh7 52. Qf7+ {Weighted Error Value: White=0.48/Black=0.85} 1-0

[Event "Deutscher Jugend Online Cup 2020"]
[Site "Tornelo"]
[Date "2020.11.14"]
[Round "13"]
[White "Pajeken, Jakob Leon"]
[Black "Suvorov, Alexander"]
[Result "0-1"]
[WhiteElo "2323"]
[BlackElo "2353"]
[Annotator "TA"]
[PlyCount "74"]
[EventDate "2020.11.13"]
[EventType "k.o."]
[SourceTitle "playchess.com"]
[Source "ChessBase"]
[SourceQuality "1"]

{[%evp 16,74,28,16,18,32,56,-42,-54,-61,0,0,0,-20,-16,-77,0,-34,72,31,35,0,0,0,0,0,0,-59,-29,-36,-38,-26,0,-84,-96,-121,-117,-150,-120,-202,-200,-210,-221,-454,-271,-307,-161,-400,-344,-331,-308,-5231,-830,-812,-793,-1055,-742,-732,-729,-702,-691]} 1. e4 c5 2. Nf3 e6 3. d4 cxd4 4. Nxd4 Nc6 5. Nc3 Qc7 6. Be3 a6 7. Be2 Nf6 8. a3 Be7 9. f4 d6 {B48: Sicilian: Taimanov: 5 Nc3 Qc7 6 Be3 a6 without Be2.} 10. g4 {The main line 10.g4 scores better than 10.0-0.} e5 11. Nf5 (11. Nxc6 $14 Qxc6 12. Bf3) 11... Bxf5 $15 {Black is slightly better.} 12. gxf5 {[#]} O-O $146 (12... d5 $15 13. Nxd5 (13. exd5 exf4 14. Bf2 O-O-O $15) 13... Nxd5 14. exd5 (14. Qxd5 exf4 15. Bf2 Rd8 $17) 14... exf4) ({Predecessor:} 12... Rd8 13. Qd2 b5 14. Rg1 Rg8 15. a4 b4 16. Nd5 Nxd5 17. Qxd5 Bh4+ 18. Kf1 Ne7 {1-0 (31) Roos,D (2142)-Kolp,T (1980) Charleroi 2018}) 13. Qd2 $11 b5 14. Rg1 Kh8 15. O-O-O (15. Rg2 $11) 15... Rac8 (15... b4 $1 $17 {[%cal Rb4c3]} 16. axb4 Nxb4) 16. Bd3 Na5 (16... b4 $15 {keeps the upper hand.} 17. Qg2 Rg8) 17. Qg2 {[%csl Gg1][%cal Rg2g7]} Rg8 $1 18. fxe5 dxe5 19. Nd5 Nxd5 20. exd5 Bf6 21. Bg5 ({Better is} 21. Kb1 $11) 21... Qe7 22. h4 Nb7 23. Rde1 Nc5 24. Be4 (24. Kb1 $11 {keeps the balance.}) 24... a5 $1 $17 25. Be3 b4 {...bxa3 is the strong threat.} ({But not} 25... Bxh4 $6 26. Bxc5 Rxc5 27. f6 $1 $11 {[%mdl 512]}) 26. axb4 axb4 27. h5 (27. Kd2 $17 {was necessary.}) 27... h6 $19 28. Rd1 Rgd8 29. Rge1 $2 (29. Kd2 {was worth a try.}) 29... Qa7 (29... b3 $142 30. c3 Nxe4 31. Qxe4 {[#]} Rxc3+ $1 {[%mdl 512]} 32. Kb1 (32. bxc3 $2 {too greedy.} Qa3+ 33. Kd2 Qb2+ 34. Kd3 Qc2+ 35. Kc4 Qxe4+ $19) 32... Rc2) 30. Kd2 Qa2 (30... Nxe4+ $142 31. Qxe4 Qa2 {[%mdl 64] Double Attack}) 31. Rb1 $2 (31. Bxc5 {is the only way for White.} Rxc5 32. Ke2) 31... Qc4 32. Bxc5 Rxc5 33. Bd3 $2 (33. Ke3 Rcxd5 34. Kf3) 33... Qf4+ (33... Rdxd5 $142 34. Ke2 Qf4) 34. Kd1 Rcxd5 35. Qe4 {[#]} b3 $1 {[%cal Bb4b3,Bb3c2][%mdl 544] Strongly threatening ...Qf2.} 36. Qxf4 (36. cxb3 Rxd3+) 36... exf4 37. Ke2 bxc2 {Weighted Error Value: White=0.70/Black=0.54} 0-1

[Event "Deutscher Jugend Online Cup 2020"]
[Site "Tornelo"]
[Date "2020.11.14"]
[Round "13"]
[White "Schneider, Jana"]
[Black "Muetsch, Annmarie"]
[Result "1-0"]
[WhiteElo "2272"]
[BlackElo "2236"]
[Annotator "TA"]
[PlyCount "87"]
[EventDate "2020.11.13"]
[EventType "k.o."]
[SourceTitle "playchess.com"]
[Source "ChessBase"]
[SourceQuality "1"]

{[%evp 12,87,15,20,19,25,34,18,113,101,101,105,107,110,100,97,81,82,90,90,100,80,104,88,162,118,119,116,110,95,107,87,128,126,125,131,110,85,104,93,100,40,25,70,69,12,68,66,93,101,116,115,87,6,75,94,79,24,84,84,267,254,287,302,366,304,296,246,246,233,421,428,630,0,291,0,626,625]} 1. e4 c5 2. Nf3 e6 3. d4 cxd4 4. Nxd4 Bc5 5. Nb3 Bb6 6. Nc3 Ne7 7. Bd3 O-O {B40: Sicilian: 2...e6, Unusual lines.} 8. O-O f5 9. Bg5 {Strongly threatening exf5.} f4 (9... fxe4 $11 10. Nxe4 (10. Bxe4 d5 $11) 10... d5) 10. Qg4 $16 {[#]} Nbc6 $146 ({Predecessor:} 10... Bc7 11. e5 Nbc6 12. Bxf4 Rxf4 13. Qxf4 Bxe5 14. Qh4 g6 15. Rad1 d5 16. Rfe1 Kg7 {1-0 (52) Tejaswini,S (2204)-Poh,X (1647) Penang 2016}) 11. Bxf4 Ng6 12. Bg5 Qc7 13. Nb5 Qb8 14. Rad1 a6 15. Nc3 Nce5 16. Qh5 Qa7 {[%cal Rb6f2]} 17. Rd2 (17. Qe2 {with more complications.} d6 18. Na4 Bc7 19. Be3 Qb8 20. f4) 17... Nxd3 (17... h6 $16 {might work better.}) 18. cxd3 d6 19. d4 Bd7 20. Qe2 Rac8 21. a4 {[%cal Ba2a4,Ba4a5][%mdl 32]} Nf4 22. Qg4 Ng6 23. a5 Bd8 24. Re1 b5 25. Bxd8 Rcxd8 26. e5 (26. h4 $16) 26... dxe5 $1 $14 27. dxe5 Bc8 {[#] And now ...Rxd2 would win.} 28. Qg5 (28. Rd4 $14) 28... Rxd2 (28... Rd3 $1 $11 29. Rf1 Rxd2 30. Qxd2 (30. Nxd2 Qc5 $11) 30... Nxe5) 29. Qxd2 Bb7 30. Qd4 Qxd4 31. Nxd4 Nf4 32. f3 (32. Rd1 $16) 32... Rd8 (32... Nd3 $1 $11 33. Re3 Nxb2) 33. Rd1 $36 {[%mdl 2048] White is in control.} b4 34. Nb3 ({White should try} 34. Nc2 $16 Rxd1+ 35. Nxd1) 34... Rxd1+ (34... Rf8 $1 $11 35. Ne4 Bxe4 36. fxe4 Ne2+ 37. Kh1 Rc8) 35. Nxd1 $11 {[%mdl 4096] Endgame Hoping for Nc5. KBN-KNN} Bd5 $2 (35... Nd3 $16) 36. Nc5 $18 Bc4 37. Ne3 Bb5 38. Kf2 Ng6 39. Nxe6 Nxe5 {...Nd3+ would now be nice for Black.} 40. Nc7 Nd3+ $2 (40... Bd3 {is a better defense.} 41. Ke1 Nc4 42. Nxc4 (42. Nxa6 Nxe3 43. Nxb4 Bf5 $14) 42... Bxc4) 41. Ke2 Nf4+ (41... Nc5+ $142 42. Nxb5 axb5) 42. Kf2 (42. Kd2 $142) 42... Nd3+ $1 43. Ke2 $2 (43. Kf1 Nc5+ 44. Nxb5 axb5 45. Nc2) 43... Nf4+ {[%mdl 64] [#] Discovered Attack (Double check)} 44. Kd2 {Weighted Error Value: White=0.37/Black=0.33} 1-0

[Event "Deutscher Jugend Online Cup 2020"]
[Site "Tornelo"]
[Date "2020.11.14"]
[Round "13"]
[White "Costa, Leonardo"]
[Black "von Mettenheim, Johannes"]
[Result "0-1"]
[WhiteElo "2165"]
[BlackElo "1995"]
[Annotator "TA"]
[PlyCount "100"]
[EventDate "2020.11.13"]
[EventType "k.o."]
[SourceTitle "playchess.com"]
[Source "ChessBase"]
[SourceQuality "1"]

{[%evp 11,100,19,19,13,24,15,37,15,27,20,23,18,17,0,7,0,0,-11,7,-17,-15,-12,20,33,45,35,125,40,127,-30,-29,-155,-143,-183,-130,-122,-39,-35,-40,-24,-28,-93,-61,-66,-66,-72,-84,-203,-239,-225,-202,-199,-175,-173,-72,-73,-70,-72,-55,-87,0,-584,-562,-575,-575,-549,-535,-646,-320,-645,-633,-604,-598,-538,-528,-422,-374,-352,-314,-750,-733,-29982,-29983,-29983,-29984,-29984,-29984,-29984,-29985,-29988,-29989]} 1. e4 c6 2. d4 d5 3. exd5 cxd5 4. Bd3 Nc6 5. c3 Qc7 6. Ne2 Bg4 7. O-O {B13: Caro-Kann: Exchange Variation and Panov-Botvinnik Attack.} e6 8. Qe1 g6 {8...Nf6 gains popularity.} 9. Bf4 {White is slightly better.} Bd6 10. Bxd6 Qxd6 {[#]} 11. Nd2 $146 ({Predecessor:} 11. Nc1 Bf5 12. Nd2 Bxd3 13. Nxd3 Nge7 14. Qe2 O-O 15. Rfe1 Rae8 16. Qg4 Nf5 17. Qh3 {1-0 (109) Bruedigam,M (2395)-Wilschut,P (2279) Pardubice 2019}) 11... Nge7 12. Rd1 h5 13. h3 Bf5 14. Nf3 O-O-O 15. b4 f6 16. Qd2 e5 17. dxe5 fxe5 {[#] aiming for ...Bxd3.} 18. Bb5 g5 (18... Rhf8 $14) 19. Bxc6 ({And not} 19. Qxg5 Bxh3 20. Ne1 (20. gxh3 $2 Rhg8 $19) 20... Kb8 $17) (19. Nxg5 $16 Qf6 20. Ng3) 19... Nxc6 (19... g4 $1 $14 20. Bxd5 (20. hxg4 hxg4 21. Bxd5 Nxd5 $15) 20... Qxd5 21. Qxd5 Rxd5 22. Rxd5 Nxd5 23. Nxe5 Re8) 20. Qxg5 $2 (20. Ng3 $16 Bg6 21. Qxg5) 20... Bxh3 $1 $11 {...Rhg8 is the strong threat.} 21. Qh4 ({Wrong is} 21. gxh3 $2 Rhg8 $19) (21. Qe3 $11 Rdg8 22. Nh4) 21... Bg4 $17 22. Ng3 Qf8 ({Better is} 22... Rdg8 $19 23. Rfe1 Bxf3 24. gxf3 Kb8) 23. b5 Na5 (23... Bxf3 $17 24. gxf3 Na5) 24. Nxe5 $15 Bxd1 25. Rxd1 Qg7 26. f4 (26. Qf4 $11 {keeps the balance.}) 26... Rhg8 27. Qh3+ $1 Kb8 28. Nxh5 {[#]} Qe7 $1 29. Ng3 (29. Re1 $17 {was necessary.} Ka8 30. f5) 29... Qc5+ $19 30. Kf1 Qxb5+ 31. Ne2 Rh8 $36 {[%mdl 2048] Black is in control.} 32. Qd3 Rh1+ (32... Qb6 $19 {and Black stays clearly on top.} 33. Qd4 Rh1+ 34. Ng1 Qh6) 33. Kf2 $17 Qb6+ 34. Nd4 Rxd1 35. Qxd1 Nc6 ({Black should play} 35... Nc4 $17 {Strongly threatening ...Nxe5.} 36. Nxc4 dxc4) 36. Nd3 $2 {[%mdl 8192] White is now going downhill.} (36. Nexc6+ $1 $11 bxc6 37. Qb3) 36... Nxd4 $19 37. cxd4 Qxd4+ {[%mdl 4096] Endgame KQR-KQN} 38. Kf1 Rh8 {( -> ...Rh1+)} 39. Qf3 Rh1+ 40. Ke2 Ra1 41. f5 Rxa2+ 42. Kf1 Ra1+ 43. Ke2 {intending f6.} Qe4+ 44. Qxe4 dxe4 {KR-KN} 45. Nc5 $2 (45. Nf2) 45... Ra5 46. f6 Rxc5 {Black mates.} 47. g4 Rc8 48. Ke3 Kc7 49. Kxe4 Kd7 50. g5 Ke6 {Weighted Error Value: White=0.61/Black=0.18} 0-1